000 00717cab a2200217 4500
001 WB3042-80
008 090401t1994 xxu||||| |||| 00| 0 eng d
035 _a(Sirsi) u80983
041 _aeng
245 _aGreenlight for community forests
260 _c1994
350 _a0
490 _aDOE Press Release
_v(629) 7 November 1994 (2)
520 _aSoS Environment has given approval for two more Community Forests, the Greenwood Community Forest north of Nottingham and the Cleveland Community Forest around Middlesbrough.
650 _aCLEVELAND COMMUNITY FOREST
650 _aCOMMUNITY FORESTS
650 _aGREENWOOD COMMUNITY FOREST
690 _aRURAL PRACTICE
942 _n0
948 _c04/03/1997
999 _c51019
_d51019